A general theory of entreprenuership (Record no. 75839)

MARC details
000 -LEADER
fixed length control field 00958nam a2200205 a 4500
008 - FIXED-LENGTH DATA ELEMENTS--GENERAL INFORMATION
fixed length control field 120416s2003 ||||||||||||||||| || u
020 ## - INTERNATIONAL STANDARD BOOK NUMBER
International Standard Book Number 1843763826
050 ## - LIBRARY OF CONGRESS CALL NUMBER
Classification number HB 615 Sha
100 ## - MAIN ENTRY--PERSONAL NAME
Personal name Shane, Scott
245 12 - TITLE STATEMENT
Title A general theory of entreprenuership
246 ## -
-- the individual-opportunity nexus
260 ## - PUBLICATION, DISTRIBUTION, ETC.
Place of publication, distribution, etc. Cheltenham
Name of publisher, distributor, etc. Edward Elgar
Date of publication, distribution, etc. 2003
300 ## - PHYSICAL DESCRIPTION
Extent xiv, 327p.
350 ## -
-- 0.00
490 ## -
-- New horizons in entrepreneurship
650 #0 - SUBJECT ADDED ENTRY--TOPICAL TERM
Topical term or geographic name entry element ENTREPRENEURSHIP
995 ## -
-- MAIN LIBRARY OPEN ACCESS
-- 0.00
-- 736489
-- CBU-MAIN LIBRARY (Kitwe)
-- 3
-- 25.00
-- HB 615 Sha
-- AVAILABLE
-- Jul 17, 2006
-- 40871
-- Main Library Open Access Collection
995 ## -
-- MAIN LIBRARY OPEN ACCESS
-- 0.00
-- 736487
-- CBU-MAIN LIBRARY (Kitwe)
-- 2
-- 25.00
-- HB 615 Sha
-- AVAILABLE
-- 40874
-- Main Library Open Access Collection
995 ## -
-- MAIN LIBRARY OPEN ACCESS
-- 0.00
-- 736488
-- CBU-MAIN LIBRARY (Kitwe)
-- 1
-- 25.00
-- HB 615 Sha
-- AVAILABLE
-- 40867
-- Main Library Open Access Collection
999 ## -
-- 75839
-- 75839
Holdings
Withdrawn status Lost status Source of classification or shelving scheme Damaged status Not for loan Permanent Location Current Location Shelving location Date acquired Total Checkouts Full call number Barcode Date last seen Copy number Price effective from Koha item type
          CBU-MAIN LIBRARY, KITWE. CBU-MAIN LIBRARY, KITWE.   04/25/2023   HB 615 Sha 40871 04/25/2023 1 04/25/2023 MONOGRAPH
          CBU-MAIN LIBRARY, KITWE. CBU-MAIN LIBRARY, KITWE.   04/25/2023   HB 615 Sha 40874 04/25/2023 2 04/25/2023 MONOGRAPH
          CBU-MAIN LIBRARY, KITWE. CBU-MAIN LIBRARY, KITWE.   04/25/2023   HB 615 Sha 40867 04/25/2023 3 04/25/2023 MONOGRAPH